[Event "3rd HoliCup Lake City 2019"]
[Site "Udaipur"]
[Date "2019.03.30"]
[Round "5"]
[White "Pandey Srishti"]
[Black "Muthaiah AL"]
[Result "0-1"]
[WhiteElo "2020"]
[BlackElo "2426"]
[Annotator "TA"]
[PlyCount "78"]
[EventDate "2019.??.??"]
[EventCountry "IND"]
[SourceTitle "playchess.com"]
[Source "ChessBase"]
[SourceQuality "1"]

{[%evp 21,78,3,14,2,7,-12,-7,-16,0,-18,-35,-20,-27,-37,-26,-30,-4,-12,-8,-5,-5,-15,0,0,20,3,16,0,0,0,18,13,17,0,16,15,69,62,104,64,91,108,120,87,106,100,185,-94,-64,-992,-953,-1578,-1548,-1548,-1439,-29989,-29990,-29990,-29991]} 1. d4 Nf6 2. c4 Nc6 3. Nf3 e6 4. g3 Bb4+ 5. Bd2 a5 6. Bg2 d6 7. O-O Bxd2 8. Nbxd2 O-O 9. e4 {E11: Bogo-Indian} e5 10. d5 Nb8 {[%cal Bc6b8,Bb8a6,Ba6c5,Bc5e6,Be6d4][%mdl 32]} 11. Ne1 Na6 {LiveBook: 5 Games} 12. a3 (12. Nd3 Qe7 13. Qc2 Bd7 14. Qc3 b5 15. Rac1 b4 16. Qc2 c6 17. c5 cxd5 18. cxd6 Qe8 19. exd5 e4 20. Nxe4 Nxe4 21. Rce1 Bf5 {½-½ (67) Raja,R (2316)-Gupta,A (2619) Kolkata 2018}) 12... Bd7 $146 ({Predecessor:} 12... Bg4 13. f3 Bd7 14. Nd3 c6 15. b3 Qb6+ {0-1 (65) Vasilev,M (2481)-Dimitrov,R (2436) Sunny Beach 2011}) 13. b3 c6 14. dxc6 Bxc6 15. Nd3 Nc5 16. Qc2 Ne6 17. b4 Nd4 18. Qb2 h5 19. b5 Bd7 20. Nf3 Nxf3+ 21. Bxf3 b6 22. Rfd1 Qc7 23. Rac1 Rfd8 24. Qe2 g6 25. Nb2 Kg7 26. Na4 Be6 27. Qd3 Rac8 28. Be2 Kf8 (28... Qb7 $11) 29. f4 $14 {And now f5 would win.} Rb8 30. f5 gxf5 31. exf5 Bc8 32. c5 bxc5 {[#]} 33. Rxc5 $1 {[%mdl 512]} Qa7 (33... Qe7 $16) (33... dxc5 34. Qxd8+) 34. Kf1 $2 (34. Qe3 $18) 34... Ba6 $1 $17 35. b6 $2 {[%mdl 8192]} (35. Rd5 $15 Nxd5 36. Qxd5) 35... Qb7 ({Not} 35... Bxd3 36. bxa7 dxc5 37. axb8=N $15) 36. Qxa6 Qh1+ 37. Kf2 Qxh2+ 38. Kf3 e4+ 39. Ke3 dxc5 {Precision: White = 42%, Black = 32%.} 0-1

[Event "3rd HoliCup Lake City 2019"]
[Site "Udaipur"]
[Date "2019.03.30"]
[Round "5"]
[White "Himanshu Ranjan"]
[Black "Dadwani Sahil"]
[Result "1/2-1/2"]
[WhiteElo "1984"]
[BlackElo "1605"]
[Annotator "NA RC"]
[PlyCount "96"]
[EventDate "2019.??.??"]
[EventCountry "IND"]
[SourceTitle "playchess.com"]
[Source "ChessBase"]
[SourceQuality "1"]
[TimeControl "5400+30"]

1. d4 Nf6 2. c4 g6 3. Nc3 Bg7 4. e4 d6 5. Nf3 O-O 6. Be2 e5 7. dxe5 dxe5 8. Qxd8 Rxd8 9. Bg5 Re8 10. Nd5 Nxd5 11. cxd5 f6 12. Be3 {E92: King's Indian: Classical: 6 Be2 e5: 7 dxe5, 7 Be3 and Petrosian System without 7...Nbd7} Bf8 13. Nd2 Bd7 (13... Nd7 14. Rc1 f5 15. f3 Bd6 16. O-O Nf6 17. h3 Bd7 18. g4 h5 19. g5 f4 {1-0 (45) Stillger,B (2279)-Ducarmon,R (2092) Vlissingen 2015}) 14. Bc4 Bd6 15. Ke2 $146 ({Predecessor:} 15. O-O Kg7 16. Bb3 c6 17. Rfd1 cxd5 18. Bxd5 Bc6 19. Nc4 Bf8 20. Bxc6 Nxc6 {½-½ (57) Landgren,A-Swan,U Hallstahammar 1993}) 15... b5 16. Bb3 a5 17. a3 Na6 18. Rhc1 Kg7 19. Ba2 a4 20. Bb1 Rab8 21. Bd3 Ra8 22. b4 Rec8 23. Rc3 Rab8 24. Rac1 Re8 25. R3c2 Rf8 26. Nb1 Rb7 27. Nc3 Ra8 28. f3 Kf7 29. Na2 Kg7 30. Rb1 Rc8 31. Kd2 Rd8 32. Be2 Be8 33. Ke1 Rc8 34. Nc1 c5 35. dxc6 Rxc6 36. Rxc6 Bxc6 37. Nd3 Kf7 38. Rc1 Bd7 39. Kd2 Rc7 40. Bc5 Ke7 41. g3 Bxc5 42. Nxc5 Nxc5 43. Rxc5 Rb7 44. Ke3 Rb6 45. f4 Rc6 46. Kd2 exf4 47. Rxc6 (47. gxf4 $16 h5 48. Rxb5) 47... Bxc6 48. gxf4 h6 $11 1/2-1/2

[Event "3rd HoliCup Lake City 2019"]
[Site "Udaipur"]
[Date "2019.03.30"]
[Round "5"]
[White "Rohit, Singh Rana"]
[Black "Gupta Dinesh"]
[Result "1/2-1/2"]
[WhiteElo "1896"]
[BlackElo "1593"]
[Annotator "NA RC"]
[PlyCount "102"]
[EventDate "2019.??.??"]
[EventCountry "IND"]
[SourceTitle "playchess.com"]
[Source "ChessBase"]
[SourceQuality "1"]
[TimeControl "5400+30"]

1. d4 Nf6 2. Bf4 e6 3. Nf3 a6 4. Nbd2 b5 5. c3 Bb7 6. e3 d5 7. Bd3 Nbd7 8. h3 c5 9. a3 Be7 10. Ne5 c4 11. Bc2 a5 12. Ndf3 b4 13. Nxd7 Nxd7 14. Ba4 O-O 15. Bxd7 Qxd7 16. Ne5 Qd8 17. Qg4 f5 18. Qh5 Qe8 19. Qxe8 Rfxe8 20. h4 Ra6 21. axb4 axb4 22. Rxa6 Bxa6 23. Nc6 b3 24. Nxe7+ Rxe7 25. Ke2 Ra7 26. Ra1 Ra8 27. Bd6 Bb7 28. Rxa8+ Bxa8 29. Kf3 h5 30. Kf4 g6 31. f3 Kf7 32. Be5 Bc6 33. g4 hxg4 34. fxg4 fxg4 35. Kxg4 Bb7 36. Kg5 Bc6 37. Kh6 Bb7 38. Kh7 Bc6 39. Kh6 Bb7 40. Kg5 Bc6 41. Kf4 Bb7 42. Bh8 Bc6 43. Ke5 Ke7 44. Bf6+ Kf7 45. Bg5 Bb7 46. Kd6 Ba6 47. Kc6 Bc8 48. Kb5 e5 49. dxe5 Bf5 50. Kc5 Ke6 51. Bf6 Be4 1/2-1/2

[Event "3rd HoliCup Lake City 2019"]
[Site "Udaipur"]
[Date "2019.03.30"]
[Round "5"]
[White "Sarthak Rawat"]
[Black "Palit, Somak"]
[Result "0-1"]
[WhiteElo "1883"]
[BlackElo "2330"]
[Annotator "TA"]
[PlyCount "80"]
[EventDate "2019.??.??"]
[EventCountry "IND"]
[SourceTitle "playchess.com"]
[Source "ChessBase"]
[SourceQuality "1"]

{[%evp 10,80,-3,-7,33,6,0,0,17,19,20,0,0,0,-3,-26,2,0,0,6,0,-4,12,-18,-17,-50,-29,-26,-24,-44,-32,-23,-33,-33,-15,-47,-42,-75,-76,-129,-127,-125,-81,-81,-74,-76,-43,-298,-75,-327,-316,-289,-266,-770,-402,-368,-292,-411,-385,-389,-381,-695,-445,-762,-748,-1420,-1079,-29986,-29987,-29987,-29988,-29988,-29989]} 1. e4 c5 2. Nf3 a6 3. d4 cxd4 4. Nxd4 Nf6 5. Nc3 e5 6. Nf3 Nc6 {B28: Sicilian: 2 Nf3 a6 (O'Kelly Variation)} (6... Bb4 7. Bc4 Qc7 8. Bb3 d6 9. O-O Bxc3 10. bxc3 Nbd7 11. Nd2 O-O 12. Re1 Nc5 13. f3 Nxb3 14. axb3 Qxc3 15. Ba3 Be6 {0-1 (36) Agopov,M (2452)-Rapport,R (2693) Reykjavik 2015}) 7. Bd3 Bb4 8. Bd2 d5 {The position is equal.} 9. exd5 Nxd5 10. Nxd5 Qxd5 11. Bxb4 Nxb4 12. Be2 $146 ({Predecessor:} 12. Qe2 Nxd3+ 13. Qxd3 Qxd3 14. cxd3 f6 15. Rc1 {0-1 (45) Kozyakov,A (1628)-Dushin,N (1936) St Petersburg 2015}) 12... Qc5 13. O-O O-O 14. c3 Nc6 15. Qc2 h6 16. h3 Be6 17. b3 Rac8 18. Rfd1 f5 19. Qb2 e4 20. b4 Qe7 21. Nd4 Ne5 22. b5 Bc4 23. bxa6 bxa6 24. Qb6 (24. Qb4 $142 Qxb4 25. cxb4) 24... Bxe2 $17 25. Nxe2 Rc6 $36 {[%mdl 2048] Keeping White busy.} 26. Qa5 Kh7 {...Nd3 is the strong threat.} 27. Rd5 Re8 28. Nd4 $2 {[%mdl 8192]} ({White should try} 28. Rf1 $1 $15) 28... Rf6 $2 (28... Rg6 $19 {is more deadly. Strongly threatening ...Qg5.} 29. Nxf5 Qg5) 29. Re1 $2 {[%mdl 8192]} (29. Qb4 $17 {was the only chance.}) 29... Nd3 $19 30. Re2 Nf4 {[%mdl 64] Double Attack} 31. Rb2 $2 (31. Rxf5 Nxe2+ 32. Nxe2) 31... Nxd5 32. Qxd5 Qe5 33. Qd7 (33. Qxe5 $142 Rxe5 34. f3) 33... Re7 34. Qa4 Rc7 35. Rc2 $2 (35. Qb3) 35... f4 36. Ne2 (36. f3 $142) 36... f3 37. Ng3 e3 38. Qe4+ Qxe4 {Black mates.} 39. Nxe4 {[#]} e2 $1 {[%mdl 512]} 40. Rc1 {[#]} Rd7 $1 {[%mdl 512] Accuracy: White = 26%, Black = 54%.} 0-1

[Event "3rd HoliCup Lake City 2019"]
[Site "Udaipur"]
[Date "2019.03.30"]
[Round "5"]
[White "Nanda, Kumar T.S."]
[Black "Rajesh, V A V"]
[Result "1/2-1/2"]
[WhiteElo "1846"]
[BlackElo "2413"]
[Annotator "TA"]
[PlyCount "77"]
[EventDate "2019.??.??"]
[EventCountry "IND"]
[SourceTitle "playchess.com"]
[Source "ChessBase"]
[SourceQuality "1"]

{[%evp 19,77,12,30,29,47,17,48,41,45,36,29,40,56,33,31,30,64,60,84,11,10,13,20,30,24,23,30,24,19,27,30,17,31,21,25,34,31,27,38,22,70,30,39,27,32,28,47,47,46,28,38,22,67,70,61,0,41,0,68,0]} 1. e4 e5 2. Nf3 Nc6 3. d4 exd4 4. Bc4 Nf6 5. O-O d6 6. Nxd4 Be7 7. Nc3 O-O 8. Nxc6 bxc6 9. Bf4 Nd7 10. Re1 Bf6 11. Qd2 {C50: Hungarian Defence and Giuoco Pianissimo} Rb8 12. Rad1 Re8 (12... Qe7 13. Bb3 Ne5 14. Bg3 Ba6 15. f4 Nc4 16. Bxc4 Bxc4 17. b3 {½-½ (31) Papp,T (2300)-Farkas,G (2333) Hungary 2008}) 13. b3 g6 $146 ({Predecessor:} 13... Ne5 14. Be2 a5 15. f3 {0-1 (85) Poulsen,I (2092)-Rewitz,P (2218) Helsingor 2014}) 14. Be3 Nb6 15. Bf1 Bb7 16. Bd4 Bxd4 17. Qxd4 c5 18. Qd2 Qf6 19. Nd5 ({White should try} 19. a4 $16) 19... Bxd5 $11 20. exd5 Rxe1 (20... Kg7 {feels hotter.} 21. c4 Ra8 22. Qa5 h5 23. h3 a6) 21. Rxe1 Qd4 22. Qxd4 cxd4 {[%mdl 4096] Endgame KRB-KRN} 23. Re4 Nxd5 24. Rxd4 Nb4 25. Rc4 c5 26. a3 Nc6 27. f4 Rc8 28. Kf2 Kf8 29. g3 Ke7 30. b4 Nd4 31. bxc5 dxc5 32. c3 Ne6 33. Ra4 Rc7 34. Bc4 Nf8 35. Bb5 Rb7 36. Bc6 Rc7 37. Bb5 Rb7 38. Bc6 Rc7 $1 {[%cal Rc7c6]} 39. Bb5 {Precision: White = 46%, Black = 56%.} (39. Ra6 $14) 1/2-1/2

[Event "3rd HoliCup Lake City 2019"]
[Site "Udaipur"]
[Date "2019.03.30"]
[Round "5"]
[White "Choubey Saurabh"]
[Black "Matta, Vinay Kumar"]
[Result "0-1"]
[WhiteElo "1826"]
[BlackElo "2146"]
[Annotator "TA"]
[PlyCount "72"]
[EventDate "2019.??.??"]
[EventCountry "IND"]
[SourceTitle "playchess.com"]
[Source "ChessBase"]
[SourceQuality "1"]

{[%evp 18,72,12,10,62,58,88,81,78,68,77,58,91,31,42,13,9,0,0,4,14,4,16,0,0,-9,0,0,0,-6,0,-20,-12,-45,-45,-52,-54,-56,-58,-67,-54,-78,-54,-320,-261,-206,-234,-234,-234,-468,-456,-474,-377,-425,-474,-474,-445]} 1. Nf3 Nf6 2. c4 g6 3. g3 Bg7 4. Bg2 O-O 5. Nc3 Nc6 6. d4 d5 7. cxd5 Nxd5 8. O-O Nb6 9. e3 e5 10. d5 Nb4 {D76: Fianchetto Grünfeld: Main Line with 7...Nb6} (10... Ne7 $11) (10... Na5 11. b3 e4 12. Nd4 Nxd5 13. Nxe4 b6 14. b4 Nxb4 15. Ba3 c5 16. Nxc5 bxc5 17. Bxa8 Ba6 18. Bg2 Bxf1 19. Bxf1 {½-½ (32) Mamedyarov,S (2817)-Radjabov,T (2757) Wijk aan Zee 2019}) 11. e4 $14 c6 {[%cal Rc6d5] [#]} 12. Qb3 $1 {[%cal Rb3b4]} Na6 {White is better.} 13. Bg5 $146 ({Predecessor:} 13. Be3 cxd5 14. exd5 Bf5 15. Rfd1 Rc8 16. a4 Nc5 17. Bxc5 Rxc5 18. a5 {½-½ (40) Moser,E (2424)-Lehner,O (2407) Austria 2010}) 13... Qd6 14. Rfd1 cxd5 {[#]} 15. Nxd5 (15. Nb5 $1 $16 {[%cal Rb5d6]} Qb8 16. exd5) 15... Nxd5 16. Rxd5 Qb4 17. Qxb4 ({But not} 17. Nxe5 f6 $17) 17... Nxb4 18. Rd2 {next Be7 is good for White.} Nc6 19. Bf1 Bg4 20. Ne1 Be6 21. Nd3 Rfc8 22. Be3 b6 23. f3 Bf8 24. Be2 f6 25. Kf2 Nb4 26. Nxb4 Bxb4 27. Rdd1 Rc2 {Strongly threatening ...Bc4.} 28. b3 Rac8 $36 {[%mdl 2048] Black has some pressure.} 29. a3 Bc5 30. b4 $2 {[%mdl 8192]} (30. Bxc5 $15 R8xc5 31. b4) 30... Bxe3+ 31. Kxe3 R8c3+ 32. Bd3 {intending Rd2.} Bc4 ({Weaker is} 32... Rxh2 33. Rdc1 $17) 33. h4 $2 (33. a4) 33... Rb3 $19 34. Rab1 Rxa3 35. Ra1 Rcc3 36. Rxa3 Rxa3 {Accuracy: White = 35%, Black = 57%.} 0-1

[Event "3rd HoliCup Lake City 2019"]
[Site "Udaipur"]
[Date "2019.03.30"]
[Round "5"]
[White "Sanchit, Anand"]
[Black "Lokesh, N.."]
[Result "0-1"]
[WhiteElo "1817"]
[BlackElo "2157"]
[Annotator "TA"]
[PlyCount "60"]
[EventDate "2019.??.??"]
[EventCountry "IND"]
[SourceTitle "playchess.com"]
[Source "ChessBase"]
[SourceQuality "1"]

{[%evp 12,60,20,22,36,30,31,33,43,15,25,-15,-14,-25,0,-2,6,0,8,0,8,0,0,0,4,8,8,-8,-8,-8,-8,-12,-11,0,0,0,20,0,0,-12,-6,-12,-12,-13,-14,-16,-13,-13,0,-706,-706]} 1. e4 c5 2. c3 Nf6 3. e5 Nd5 4. Bc4 Nb6 5. Bb3 Nc6 6. Nf3 d6 7. exd6 exd6 {B22: Sicilian: 2 c3} (7... Qxd6 8. Na3 a6 9. O-O Bf5 10. d4 cxd4 11. Nxd4 Nxd4 12. cxd4 e6 13. Qf3 Qd7 14. Qg3 Bg6 15. Bf4 Bxa3 16. bxa3 O-O 17. Rac1 Rac8 18. h4 Nd5 19. Bd6 Nc3 20. Rce1 {0-1 (38) Mamedov,R (2699)-Navara,D (2740) Porto Carras 2018}) 8. d4 Bg4 9. O-O Be7 {White is slightly better.} 10. Be3 O-O 11. Nbd2 $146 {[%cal Bb1d2,Bd2e4,Be4c3][%mdl 32]} ({Predecessor:} 11. Bc2 Nd7 12. Re1 Qb6 13. b4 Nf6 14. h3 Be6 {1-0 (72) Prieto Martin,A (2181)-Abalia Patino,A (1658) San Sebastian 2013}) 11... cxd4 12. cxd4 Nb4 13. Ne4 N4d5 14. Re1 Nxe3 15. Rxe3 Rc8 16. Rc1 d5 {[#] Hoping for ...Rxc1.} 17. Rxc8 Qxc8 18. Nc3 Bg5 19. Re5 Bf6 20. Nxd5 Bxf3 21. gxf3 Nxd5 22. Rxd5 Qh3 23. Qe2 b6 24. Bc4 Rc8 25. b3 Kf8 $1 26. Qf1 Qxf3 27. Qg2 Qd1+ 28. Qf1 Qg4+ 29. Qg2 Qe6 30. Rd8+ $2 {[%mdl 8192] [#]} (30. Qf3 $11) 30... Bxd8 {Accuracy: White = 40%, Black = 67%.} 0-1

[Event "3rd HoliCup Lake City 2019"]
[Site "Udaipur"]
[Date "2019.03.30"]
[Round "5"]
[White "Sanchit, Anand"]
[Black "Lokesh, N.."]
[Result "*"]
[WhiteElo "1817"]
[BlackElo "2157"]
[Annotator "TA"]
[PlyCount "36"]
[EventDate "2019.??.??"]
[EventCountry "IND"]
[SourceTitle "playchess.com"]
[Source "ChessBase"]
[SourceQuality "1"]

{[%evp 14,36,29,21,26,35,40,6,15,-26,-23,-35,0,0,14,18,4,11,14,0,3,-312,0,0,1264]} 1. e4 {[%cal Be2e4,Be4e5][%mdl 32]} c5 2. c3 Nf6 3. e5 Nd5 4. Bc4 Nb6 5. Bb3 Nc6 6. Nf3 d6 7. exd6 exd6 {B22: Sicilian: 2 c3} (7... Qxd6 8. Na3 a6 9. O-O Bf5 10. d4 cxd4 11. Nxd4 Nxd4 12. cxd4 e6 13. Qf3 Qd7 14. Qg3 Bg6 15. Bf4 Bxa3 16. bxa3 O-O 17. Rac1 Rac8 18. h4 Nd5 19. Bd6 Nc3 20. Rce1 {0-1 (38) Mamedov,R (2699)-Navara,D (2740) Porto Carras 2018}) 8. d4 {LiveBook: 6 Games} Bg4 9. O-O Be7 {White is slightly better.} 10. Be3 O-O 11. Nbd2 $146 ({Predecessor:} 11. dxc5 dxc5 12. Nbd2 Nd5 13. Bxd5 Qxd5 {0-1 (65) Kristovic,M (2290)-Zelcic,R (2500) Makarska Tucepi 1995}) 11... cxd4 12. cxd4 Nb4 13. Ne4 N4d5 14. Re1 Nxe3 15. Rxe3 Rc8 16. Rc1 d5 {[#] Strongly threatening ...Rxc1.} 17. Rc2 $2 {[%mdl 8192]} (17. Rxc8 $11 {and White is okay.} Bxc8 18. Nc3) 17... Rc7 $2 ({Black should try} 17... dxe4 $19 18. Rxe4 Rxc2 19. Bxc2 Be6) 18. Rxc7 $11 Qc8 $2 {[%mdl 8192] Precision: White = 37%, Black = 41%.} (18... Qxc7 $11 19. Nc3 Be6) *

[Event "3rd HoliCup Lake City 2019"]
[Site "Udaipur"]
[Date "2019.03.30"]
[Round "5"]
[White "Aaditya Dhingra"]
[Black "Dutta, Joydeep"]
[Result "1/2-1/2"]
[WhiteElo "1742"]
[BlackElo "2097"]
[Annotator "NA RC"]
[PlyCount "97"]
[EventDate "2019.??.??"]
[EventCountry "IND"]
[SourceTitle "playchess.com"]
[Source "ChessBase"]
[SourceQuality "1"]
[TimeControl "5400+30"]

1. e4 d5 2. exd5 Qxd5 3. Nf3 Nf6 4. d4 c6 5. Be2 Bf5 6. O-O {B01: Scandinavian Defence} Nbd7 (6... e6 7. c4 Qd6 8. Nh4 Bg6 9. Nc3 Be7 10. g3 O-O 11. Nxg6 hxg6 12. Bf4 {½-½ (25) Lupulescu,C (2620)-Laznicka,V (2654) Germany 2018}) 7. c4 Qa5 8. Nc3 e6 9. Bf4 Be7 10. a3 O-O 11. b4 Qd8 12. Qb3 Ne4 $146 ({Predecessor:} 12... a5 13. b5 {1-0 (53) Runic,Z (2448)-Jukic,Z (2295) Bizovac 2002}) 13. Nxe4 Bxe4 14. Rfd1 Qc8 15. Rac1 Re8 16. Nd2 Bf5 17. Nf1 h6 18. Ne3 Bh7 19. d5 c5 20. dxe6 fxe6 21. Ng4 Nf6 22. Qg3 Kh8 23. Ne5 Rf8 24. Bd3 Qe8 25. Bxh7 Kxh7 26. Qd3+ Kg8 27. Qh3 cxb4 28. Qxe6+ Kh7 29. axb4 Ng8 $2 ({Black should try} 29... Bxb4 $14 30. Qf5+ Kg8) 30. Nd3 (30. g3 $18 {is more deadly.}) 30... Bxb4 31. Qxe8 Raxe8 32. Rb1 a5 33. Be3 Re4 34. Nxb4 axb4 35. Rxb4 Rc8 36. h3 Rc7 37. Rdb1 Rexc4 38. Rxb7 Nf6 39. Rxc7 Rxc7 40. Rb5 Rd7 41. g4 Rd5 42. Rxd5 Nxd5 43. Bd2 g5 44. Kg2 Kg6 45. h4 Nf6 {[#]} (45... gxh4 $14 46. f4 h5) 46. f3 (46. h5+ $1 $18 Kf7 47. Kf3) 46... gxh4 47. Kh3 h5 48. g5 ({Don't do} 48. Kxh4 $6 hxg4 49. fxg4 Nd7 $16) 48... Ng8 $11 49. Be3 1/2-1/2

[Event "3rd HoliCup Lake City 2019"]
[Site "Udaipur"]
[Date "2019.03.30"]
[Round "5"]
[White "Garv Gaur"]
[Black "Anadkat Kartavya"]
[Result "0-1"]
[WhiteElo "1711"]
[BlackElo "1998"]
[Annotator "NA RC"]
[PlyCount "90"]
[EventDate "2019.??.??"]
[EventCountry "IND"]
[SourceTitle "playchess.com"]
[Source "ChessBase"]
[SourceQuality "1"]
[TimeControl "5400+30"]

1. d4 Nf6 2. Nf3 e6 3. c4 c5 4. g3 cxd4 5. Nxd4 d5 6. Bg2 Be7 7. O-O O-O 8. cxd5 Nxd5 9. Nb5 Nc6 $11 10. N5c3 Nb6 11. Nd2 e5 12. b3 Be6 13. Bb2 a5 14. Nf3 a4 15. Nxa4 Nxa4 16. bxa4 f6 17. Nd2 Qa5 18. Nb3 Qxa4 19. Bd5 Bxd5 20. Qxd5+ Kh8 21. Qd7 Qb5 22. Qg4 Ra4 23. Qf3 Rfa8 24. e4 Rxa2 25. Rxa2 Rxa2 26. Bc1 Kg8 27. h4 Qc4 28. Nd2 Nd4 29. Nxc4 Nxf3+ 30. Kg2 Nd4 31. Be3 b5 32. Nb6 Nc2 33. Bc1 Bc5 34. Nd5 b4 35. Bd2 b3 36. Nc3 Ra1 37. Rxa1 Nxa1 38. Nb1 Nc2 39. Bc1 Bd4 40. Kf3 b2 41. Be3 Nxe3 42. fxe3 Bc5 43. Ke2 h5 44. Kd2 Kf7 45. Nc3 Bb4 0-1

[Event "3rd HoliCup Lake City 2019"]
[Site "Udaipur"]
[Date "2019.03.30"]
[Round "5"]
[White "Gulhariya B K"]
[Black "Suvankar Maity"]
[Result "1/2-1/2"]
[WhiteElo "1691"]
[BlackElo "1911"]
[Annotator "NA RC"]
[PlyCount "123"]
[EventDate "2019.??.??"]
[EventCountry "IND"]
[SourceTitle "playchess.com"]
[Source "ChessBase"]
[SourceQuality "1"]
[TimeControl "5400+30"]

1. d4 d5 2. c4 e6 3. Nc3 f5 4. Nf3 c6 5. e3 Nf6 6. Bd3 Bd6 7. Bd2 O-O {A85: Dutch Defence: 2 c4 Nf6 3 Nc3} 8. Qb3 (8. O-O Ne4 9. Rc1 Nd7 10. Be1 Rf6 11. g3 Rh6 12. Nd2 Ndf6 13. f3 Nxc3 14. bxc3 g5 15. e4 fxe4 16. fxe4 e5 17. cxd5 cxd5 {½-½ (38) Wojtaszek,R (2701)-Fier,A (2595) Tromsoe 2013}) 8... Kh8 9. h4 $146 ({Predecessor:} 9. Ng5 Ne4 10. h4 Qf6 11. f4 b6 12. Ncxe4 fxe4 13. Be2 Ba6 14. g4 Nd7 {0-1 (30) Ataseven,E (1745)-Celebi,O (1909) Antalya 2013}) 9... Ne4 10. cxd5 exd5 11. Ne2 Nd7 12. g3 Ndf6 13. Nf4 Qe8 14. Bb4 Bxb4+ 15. Qxb4 a5 16. Qa3 Bd7 17. Ne5 Ng4 18. Bxe4 Nxe5 19. Bg2 Ng6 20. h5 Nxf4 21. gxf4 Rf6 22. O-O-O b6 23. Kb1 Qe6 24. Bf3 Be8 25. Rdg1 Rc8 26. Qb3 Rb8 27. Rg5 Qd6 28. Rhg1 Rf7 29. Qc2 Bd7 30. Qd2 Be6 31. Qc3 a4 32. R1g3 b5 33. Qe1 Rc7 34. Qg1 Qf8 35. Bd1 c5 36. Qe1 Rbc8 37. a3 Qd6 38. Qd2 Qc6 39. Rg1 b4 40. dxc5 bxa3 41. Qc3 a2+ 42. Ka1 Qxc5 43. Qxc5 Rxc5 44. Bxa4 Rc1+ 45. Rxc1 Rxc1+ 46. Kxa2 Rf1 47. Bc2 ({Better is} 47. Rg2 $16) 47... Rxf2 48. Bxf5 h6 49. Bxe6 hxg5 50. fxg5 Re2 51. Bxd5 Rxe3 52. h6 g6 53. Bf7 Kh7 54. b4 Re7 55. Bc4 Re5 (55... Re4 $5 56. Kb3 $8 Re3+ 57. Ka4 Re4 $14) 56. b5 Rxg5 57. b6 Ra5+ 58. Kb3 Ra8 59. Bd5 Rb8 60. b7 Kxh6 61. Kc4 Kg7 62. Kb4 $11 1/2-1/2

[Event "3rd HoliCup Lake City 2019"]
[Site "Udaipur"]
[Date "2019.03.30"]
[Round "5"]
[White "Anil, Shivpuri"]
[Black "Sudhanshu Ranjan"]
[Result "0-1"]
[WhiteElo "1605"]
[BlackElo "2056"]
[Annotator "NA RC"]
[PlyCount "98"]
[EventDate "2019.??.??"]
[EventCountry "IND"]
[SourceTitle "playchess.com"]
[Source "ChessBase"]
[SourceQuality "1"]
[TimeControl "5400+30"]

1. d4 d5 2. Bf4 Nf6 3. e3 e6 4. Nd2 Bd6 5. Bg3 c5 6. c3 Nc6 7. Ngf3 O-O 8. Bd3 b6 9. Ne5 Bb7 10. f4 Ne7 11. Qf3 Nf5 12. Bxf5 exf5 13. Bh4 Be7 14. Bxf6 Bxf6 15. Qh3 g6 16. Ndf3 Bg7 17. g4 fxg4 18. Qxg4 Bc8 19. Qg3 f6 20. Nd3 Bf5 21. O-O-O c4 22. Nf2 b5 23. Nh4 Bd7 24. Rhg1 a5 25. Kd2 b4 26. Qg2 Bc6 27. Nf5 Ra7 28. Nxg7 Rxg7 29. h4 Qe7 30. h5 bxc3+ 31. bxc3 Qa3 32. Rc1 Rb8 33. Nd1 Qxa2+ 34. Rc2 Qa3 35. Qh3 Bd7 36. Qg2 Qd6 37. Ra2 a4 38. Qh2 a3 39. hxg6 hxg6 40. Qh6 Bf5 41. Rh1 Kf7 42. Qh2 Qe7 43. Qe2 Kg8 44. Qh2 Re8 45. Qg3 Ra8 46. Nf2 Rb8 47. Nd1 Qe4 48. Nf2 Qxh1 49. Ne4 Qxe4 0-1

[Event "3rd HoliCup Lake City 2019"]
[Site "Udaipur"]
[Date "2019.03.30"]
[Round "5"]
[White "Dr, Sanjay Date"]
[Black "Ashutosh, Kumar"]
[Result "1/2-1/2"]
[WhiteElo "1605"]
[BlackElo "1952"]
[Annotator "NA RC"]
[PlyCount "115"]
[EventDate "2019.??.??"]
[EventCountry "IND"]
[SourceTitle "playchess.com"]
[Source "ChessBase"]
[SourceQuality "1"]
[TimeControl "5400+30"]

1. d4 Nf6 2. Nf3 d5 3. c4 c6 4. Nc3 e6 5. e3 Nbd7 6. Bd3 dxc4 7. Bxc4 b5 8. Bd3 Bb7 9. O-O a6 10. b3 c5 11. Bb2 cxd4 12. exd4 Be7 13. Re1 O-O 14. Qe2 Nb6 15. Rad1 Nbd5 {D48: Semi-Slav: Meran System: 7...b5 8 Bd3 a6} 16. Nxd5 Qxd5 17. Qe5 $146 ({Predecessor:} 17. Qf1 Bb4 18. Re5 Qd6 19. Ng5 h6 20. Ne4 Nxe4 21. Bxe4 Bxe4 22. Rxe4 Rac8 23. Qd3 {0-1 (42) Schmidt,J (2339)-Zhukova,N (2432) Kusadasi 2006}) 17... Rfc8 18. Qxd5 Bxd5 19. Ne5 Bb4 20. Re3 Kf8 21. g4 h6 22. f4 Rc7 23. Rf1 Nd7 24. h4 Nxe5 25. fxe5 Ke7 26. Re2 Bc3 27. Kf2 Rac8 28. Ke3 b4 29. Ref2 Bxb2 30. Rxb2 a5 31. Rbf2 Rf8 32. g5 hxg5 33. hxg5 Rcc8 34. Kd2 a4 35. bxa4 Bxa2 36. g6 f5 37. exf6+ Rxf6 38. Rxf6 gxf6 39. Rh1 f5 $1 40. Rh7+ Kf6 41. Rb7 b3 42. g7 Rg8 $2 {[#]} (42... b2 $1 $11 {and Black stays safe.}) 43. a5 $2 (43. Bc4 $1 $18) 43... Rxg7 $2 (43... b2 $11) 44. a6 $2 (44. Rxg7 $18 {is the precise move to win.} Kxg7 45. Bc4) 44... Rg8 45. Kc3 ({White should try} 45. a7 $16 b2 46. Rb8 (46. Rxb2 Bd5 $16) 46... Rg2+ 47. Kc3) 45... b2 $1 46. Kxb2 Bd5 47. Rb6 Rg3 48. Kc2 Rg2+ 49. Kc3 Ra2 50. Bc4 Bxc4 51. Kxc4 f4 52. d5 f3 53. Rxe6+ Kf5 54. Re1 Rxa6 55. Kc5 f2 56. Rf1 Ra2 57. d6 Ke6 58. Kd4 $11 {Kd5} 1/2-1/2

[Event "3rd HoliCup Lake City 2019"]
[Site "Udaipur"]
[Date "2019.03.30"]
[Round "5"]
[White "Govind Prabhu Mah"]
[Black "Anchit Vyas"]
[Result "1-0"]
[WhiteElo "1558"]
[BlackElo "1890"]
[Annotator "NA RC"]
[PlyCount "109"]
[EventDate "2019.??.??"]
[EventCountry "IND"]
[SourceTitle "playchess.com"]
[Source "ChessBase"]
[SourceQuality "1"]
[TimeControl "5400+30"]

1. e4 d6 2. d4 g6 3. Nc3 Nf6 4. Nf3 Bg7 5. Bd3 c6 6. Kf1 a5 7. Kg1 O-O 8. Qe2 Nbd7 9. e5 dxe5 10. dxe5 Ng4 11. e6 Nde5 12. exf7+ Rxf7 13. Ng5 Rf8 14. Bc4+ Kh8 15. h3 Nh6 $2 ({Black should play} 15... Nxf2 $19 16. Be3 Nxh1 17. Kxh1 Qc7) 16. Bb3 Nf5 17. Be3 Nd4 18. Bxd4 Qxd4 19. Rd1 Qf4 20. Nce4 h6 21. Ne6 Bxe6 22. Bxe6 Rad8 23. g3 Qf3 24. Qxf3 Nxf3+ 25. Kg2 Nd4 26. Bb3 Nxb3 {Discovered Attack (Double check)} 27. cxb3 Bxb2 28. Nc5 $1 Rd5 29. Rxd5 cxd5 30. Rd1 $11 (30. Nd7) 30... b6 31. Nd7 Rd8 32. Rxd5 e6 33. Rd3 Kg7 34. Kf3 h5 35. Ke4 h4 36. g4 Ba3 (36... Rc8 $16) 37. Nxb6 {Discovered Attack} Rb8 38. Nc4 Bb4 39. g5 Rb7 40. Ne5 Be1 41. f4 Rb4+ 42. Nc4 Rb7 43. Kf3 Rf7 44. Ne5 Rb7 45. Rd7+ Rxd7 46. Nxd7 Bb4 47. Ke4 Bd6 48. Ne5 Bb4 49. Kf3 Bd2 50. Kg4 Be1 51. Nf3 Bf2 52. Nxh4 Bxh4 53. Kxh4 Kf7 54. Kg4 Ke7 55. h4 1-0